000 01684nam1a2200349 i 4500
001 RU\NLR\BIBL_A\012088517
005 20260406085601.0
010 _a9785533009065
_910000
035 _a(NLR Aleph) 012088517
090 _a11842181
_c11842181
100 _a20190906d2019 dm y0rusy50 ca
101 0 _arus
102 _aRU
105 _a||||j||||||||
200 1 _aЛитература
_eучебник для 7 класса общеобразовательных организаций
_eсоответствует Федеральному государственному образовательному стандарту
_eв двух частях
_fГ.С. Меркин
205 _a7-е изд.
210 _aМосква
_cРусское слово
_cРусское слово - учебник
_d2019
215 _d22
225 1 _aФГОС
225 1 _aИнновационная школа
300 _aНа обл. подзаг.: 7 класс
300 _aНа обороте тит. л. авт.: Г.С. Меркин, д.п.н., проф.
320 _aБиблиогр. в конце тем
606 _aРусская литература
_jУчебные издания для средней школы
_91032583
_3RU\NLR\AUTH\6678541
606 _aЗарубежная литература
_jУчебные издания для средней школы
_91219666
_3RU\NLR\AUTH\66177861
686 1 _aШ5(2=Р)я721-1
686 1 _aШ5(0)я721-1
700 1 _7ca
_8rus
_aМеркин
_bГ. С.
_f1940-
_gГеннадий Самуйлович
_938522
_3RU\NLR\AUTH\7755590
852 _aNLR
_j2019-5/6993
942 _cBOOK